000 00713nam a2200193 a 4500
003 0
005 20250312095102.0
008 090709s19uu xx 00 eng d
050 _aPHS GN 495.6
_b.P235 2009
100 _aPark, Ye Chan.
245 _aAssimilation of Filipino culture by selected SISC Korean students /
_cPark Ye Chan.
260 _aLas PiƱas City, Philippines :
_bSouthville International School and Colleges,
_c2009.
300 _a40 pages :
_billustrations ;
_c28 cm.
504 _aIncludes bibliographical references.
650 _aAcculturation
_zPhilippines.
650 _aCultural assimilation
_zPhilippines.
650 _aKoreans
_zPhilippines
_xSocial life and customs.
942 _2lcc
_cPASS
999 _c98268
_d98268